000 01822cam a22004934a 4500
001 muse92052
003 MdBmJHUP
005 20210127151827.0
006 m o d
007 cr||||||||nn|n
008 200918r20201975miu o 00 0 eng d
020 _a9780472901395
020 _z9780892640201
035 _a(OCoLC)1196231858
040 _aMdBmJHUP
_cMdBmJHUP
041 1 _aeng
_hchi
050 4 _aB128.H86
_bA2 1975
082 0 _a181.11
100 1 _aHuan, Tan,
_dapproximately 40 B.C.-approximately 32 A.D.,
_eauthor.
240 1 0 _aWorks.
_kSelections.
_lEnglish
245 1 0 _aHsin-lun (New Treatise) and Other Writings by Huan T'an (43 B.C.-28 A.D.)
_cby Timoteus Pokora.
264 1 _bProject Muse,
264 3 _bProject MUSE,
300 _a1 online resource (1 EPUB unpaged.)
490 0 _aMichigan papers in Chinese studies ;
_vno. 20
500 _aIssued as part of book collections on Project MUSE.
504 _aIncludes bibliographical references and index.
506 0 _aOpen Access
_fUnrestricted online access
_2star
588 _aDescription based on print version record.
650 0 _aChinese philosophy
655 0 _aElectronic books.
655 7 _aElectronic books.
_2local
700 1 _aPokora, Timoteus,
_ewriter of added commentary.
710 2 _aProject Muse,
_edistributor.
776 1 8 _iPrint version:
_w(DLC) 75330801
_z9780892640201
710 2 _aProject Muse.
_edistributor
830 0 _aMichigan papers in Chinese studies ;
_vno. 20.
830 0 _aBook collections on Project MUSE.
856 4 0 _zFull text available:
_uhttps://muse.jhu.edu/book/77798/
999 _c27174
_d27174